000 00707 a2200253 4500
003 OSt
005 20180116192400.0
008 120702t xxu||||| |||| 00| 0 eng d
010 _a 99231734
020 _a0714838454
020 _a9780714841199
035 _a(DLC) 99231734
035 _a(OCoLC)40683878
040 _c0
082 0 0 _a709.7303
245 0 4 _aThe American art book.
260 _aLondon :
_bPhaidon,
_c1999.
300 _a512 p. :
_bcol. ill. ;
_c29 cm.
650 1 0 _aArt, American
_95088
650 1 0 _aArtists
_zUnited States
_95089
710 2 _aPhaidon Press.
_95090
942 _aSADA
_cBK
_k709.7303 AME 1999
_2ddc
999 _c353300
_d353300